Welcome to CU Library Online Public Access Catalogue (OPAC)

Project management; (Record no. 5096)

MARC details
000 -LEADER
fixed length control field 00505nam a22001817a 4500
005 - DATE AND TIME OF LATEST TRANSACTION
control field 20250322143914.0
008 - FIXED-LENGTH DATA ELEMENTS--GENERAL INFORMATION
fixed length control field 250322b |||||||| |||| 00| 0 eng d
020 ## - INTERNATIONAL STANDARD BOOK NUMBER
International Standard Book Number 9780470400265
050 ## - LIBRARY OF CONGRESS CALL NUMBER
Classification number HD69
Item number .P75M47 MER
100 ## - MAIN ENTRY--PERSONAL NAME
Personal name Meredith, Jack R.
245 ## - TITLE STATEMENT
Title Project management;
Remainder of title a managerial approach
250 ## - EDITION STATEMENT
Edition statement 7th
260 ## - PUBLICATION, DISTRIBUTION, ETC.
Place of publication, distribution, etc. Hoboken
Name of publisher, distributor, etc. John Wiley and Sons
Date of publication, distribution, etc. c2010
300 ## - PHYSICAL DESCRIPTION
Extent xv, 587p;
Other physical details ill.;
500 ## - GENERAL NOTE
General note includes name and subject index
700 ## - ADDED ENTRY--PERSONAL NAME
Personal name Mantel Samuel J.
942 ## - ADDED ENTRY ELEMENTS (KOHA)
Source of classification or shelving scheme Library of Congress Classification
Koha item type Books
Suppress in OPAC No
999 ## -
-- 5096
-- 5096
Holdings
Withdrawn status Lost status Source of classification or shelving scheme Damaged status Not for loan Collection Home library Current library Shelving location Date acquired Total checkouts Full call number Barcode Date last seen Copy number Price effective from Koha item type
    Library of Congress Classification     Non-fiction Business Library (Miotso) Business Library (Miotso) General stacks 04/28/2025   HD69 .P75M47 MER BSSM00002111 04/28/2025 2 04/28/2025 Books
    Library of Congress Classification     Non-fiction Undergraduate Library (Christ Temple) Undergraduate Library (Christ Temple) General stacks 03/22/2025   HD69.P75M47 MER ulct00001895 03/22/2025 1 03/22/2025 Books
© 2023-2024 Copyright: Central University Libraries. All Rights Reserved | Created by: Mahone Tech Office